Introductory chemistry
Сохранить в:
| Главный автор: | |
|---|---|
| Формат: | |
| Язык: | Undetermined |
| Опубликовано: |
Boston, MA
Houghton Mifflin Company
1995
|
| Предметы: | |
| Метки: |
Добавить метку
Нет меток, Требуется 1-ая метка записи!
|
| Thư viện lưu trữ: | Trung tâm Học liệu Trường Đại học Cần Thơ |
|---|
| LEADER | 00535nam a2200193Ia 4500 | ||
|---|---|---|---|
| 001 | CTU_61526 | ||
| 008 | 210402s9999 xx 000 0 und d | ||
| 020 | |c 763000 | ||
| 082 | |a 540 | ||
| 082 | |b E15 | ||
| 100 | |a Ebbing, Darrell D. | ||
| 245 | 0 | |a Introductory chemistry | |
| 245 | 0 | |c Darrell D. Ebbing, R. A. D. Wentworth and James P. Birk | |
| 260 | |a Boston, MA | ||
| 260 | |b Houghton Mifflin Company | ||
| 260 | |c 1995 | ||
| 650 | |a Chemistry | ||
| 904 | |i Minh,Hải | ||
| 980 | |a Trung tâm Học liệu Trường Đại học Cần Thơ | ||